Phân tích chùm mờ và không mờ các hàm mật độ xác suất : Luận văn tốt nghiệp cao học. Ngành lý thuyết xác suất và thống kê toán học

Đề tài phân tích chùm mờ và không mờ các hàm mật độ xác suất; xây dựng thuật toán xử lý số liệu

Uloženo v:
Podrobná bibliografie
Hlavní autor: Bùi, Khánh Duy
Médium: Kniha
Jazyk:Undetermined
Vydáno: Cần Thơ Trường Đại học Cần Thơ 2016
Témata:
Tagy: Přidat tag
Žádné tagy, Buďte první, kdo otaguje tento záznam!
Thư viện lưu trữ: Trung tâm Học liệu Trường Đại học Cần Thơ
LEADER 00960nam a2200205Ia 4500
001 CTU_214457
008 210402s9999 xx 000 0 und d
082 |a 519.53 
082 |b D523 
100 |a Bùi, Khánh Duy 
245 0 |a Phân tích chùm mờ và không mờ các hàm mật độ xác suất : 
245 0 |b Luận văn tốt nghiệp cao học. Ngành lý thuyết xác suất và thống kê toán học 
245 0 |c Bùi Khánh Duy ; Võ Văn Tài (hướng dẫn khoa học) 
260 |a Cần Thơ 
260 |b Trường Đại học Cần Thơ 
260 |c 2016 
520 |a Đề tài phân tích chùm mờ và không mờ các hàm mật độ xác suất; xây dựng thuật toán xử lý số liệu 
650 |a Phân tích nhóm,Cluster analysis 
904 |i Nguyên 
980 |a Trung tâm Học liệu Trường Đại học Cần Thơ